|
|
|
|
| LEADER |
00855nam a22002412a 4500 |
| 001 |
001233195 |
| 003 |
CZ BrMZK |
| 005 |
20130308125253.0 |
| 007 |
ta |
| 008 |
120723s1976 xo er 000 0 slo d |
| 040 |
|
|
|a BOA001
|b cze
|
| 100 |
1 |
|
|a Bakytová, Hedviga,
|d 1932-
|7 jx20040727014
|4 aut
|
| 245 |
1 |
0 |
|a Štatistika spotreby obyvatel’stva /
|c Hedva Bakytová
|
| 250 |
|
|
|a 1. vyd.
|
| 260 |
|
|
|a Bratislava :
|b Vysoká škola ekonomická,
|c 1976
|
| 300 |
|
|
|a 73 s.
|
| 490 |
1 |
|
|a Vysokoškolské skriptá
|
| 550 |
|
|
|a Vydavatel: Vysoká škola ekonomická v Bratislave, Fakulta riadenia
|
| 810 |
2 |
|
|a Vysoká škola ekonomická v Bratislave.
|b Fakulta riadenia.
|t Vysokoškolské skriptá
|0 s
|
| 910 |
|
|
|a BOA001
|b 2-0751.390
|
| 990 |
|
|
|a BK
|
| 991 |
|
|
|b 201207
|
| 996 |
7 |
|
|b 2619557682
|c 2-0751.390
|l MZK
|r Sklad / do 1 hodiny
|n 0
|w 001266988
|u 000010
|a 1
|e BOA001
|j MZK50
|s A
|